LEADER 01169nam a2200265 i 4500 001 000000186499 003 CaOOAMICUS 005 20191125145208.0 008 100301s1969 gw u000 u ger u 013 $a164548 040 $aSeMil$bita 100 1 $aHänchen, Ernst.$0(OLS)http://semarc/name/24245 245 10$aZeugnisse der Kirchenväter /$cunter Mitwirkung von Ernst Haenchen und Martin Krause Eingeleitet ; übersetzt und erläutert von Werner Foerster. 264 1$aZürich :$bArtemis,$c1969. 300 $a488 p. ;$c18 cm. 490 0 $aDie Bibliothek der alten Welt 700 1 $aFörster, Werner.$0(OLS)http://semarc/name/45796 700 1 $aKrause, Martin.$0(OLS)http://semarc/name/13592 773 0 $tGnosis.$dZürich : Artemis, [19--?]$kBibliothek der alten Welt$w()23022 830 4$aDie Bibliothek der alten Welt.$0(OLS)http://semarc/title/26422 850 $aSeMil 852 $aSeMil$W1$xVenegono$y1$m2T I 223$j137186$B137186$CSeMilBibl$Z2$F148758 $81 996 $6245$aZeugnisse der Kirchenväter$9(OLS)http://semarc/title/268117 996 $6264$aZürich :$bArtemis$9(OLS)http://semarc/publisher/35269 LEADER 00868nam a2200241 4500 001 000000366201 003 CaOOAMICUS 005 20260202101919.0 008 260202s2015 it 000 u ita r 020 $a978-88-8155-655-7 040 $aSeMil$bita 100 1 $aCorti, Eugenio,$d<1921-2014>.$0(OLS)http://semarc/name/22553 245 10$aCatone l'antico :$bromanzo /$cEugenio Corti. 250 $a3. ed. 264 1$aMilano :$bAres,$c2015. 300 $a437 p. ;$c21 cm 850 $aSeMil 852 $aSeMil$W1$xVenegono$y1$m1A VI 83$j267070$B256969$CSeMilBibl$Z2$F256969 $81 961 $aBuzzi mons. Franco - Omaggio 996 $6020$a978-88-8155-655-7$9(OLS)http://semarc/number/305183 996 $6245$aCatone l'antico :$bromanzo$9(OLS)http://semarc/title/457927 996 $6264$aMilano :$bAres$9(OLS)http://semarc/publisher/30250